Člověk a pracovní podmínky /

Guardado en:
Detalles Bibliográficos
Autores principales: Beránek, Emanuel (Autor), Podlešák, Karel (Autor)
Formato: Libro
Lenguaje:checo
Publicado: Praha : Práce, 1965
Materias:
Etiquetas: Agregar Etiqueta
Sin Etiquetas, Sea el primero en etiquetar este registro!

MARC

LEADER 00000nam a22000003a 4500
001 stu34705
005 20150617225730.2
008 920324s1965----cs------------------cze-d
040 |a STU  |b slo 
041 0 |a cze 
044 |a cs 
080 |a 331.04 
100 1 |a Beránek, Emanuel  |4 aut 
245 1 |a Člověk a pracovní podmínky /  |c [aut.]Emanuel Beránek, Karel Podlešák 
260 |a Praha :  |b Práce,  |c 1965 
300 |a 297 s 
650 7 |a prostredie pracovné  |2 stusub 
700 1 |a Podlešák, Karel  |4 aut 
996 |b 284M002416  |c M*4929-1  |l MMKN  |s A  |a 24  |w stu34705_0001